| 000 | 00917cab a22002295a 4500 | ||
|---|---|---|---|
| 001 | L145887 | ||
| 008 | 081119e20081115xxka f 000 0 eng d | ||
| 035 | _a(Sirsi) u145887 | ||
| 041 | 0 | _aeng | |
| 100 | 1 | _aDollar, Peta | |
| 245 | 0 | 2 | _aA matter of construction |
| 260 | _c2008 | ||
| 490 |
_aEstates Gazette _v(0845) 15 November 2008, 96-96(2) |
||
| 520 | _aMainly for students article looks at developments, including speculative development, landowner's development and forward sale and purchase/funding/preletting arrangements and highlights the importance of clearly worded agreements in all cases. | ||
| 590 | _aKA | ||
| 650 | 2 | 4 | _aANGLO-CONTINENTAL EDUCATION GROUP (GB) LTD V CAPITAL HOMES (SOUTHERN) LTD |
| 650 | 2 | 4 | _aCONTRACTS (RIGHTS OF THIRD PARTIES) ACT 1999 |
| 650 | 2 | 4 | _aGLENMERE PLC V F STOKES & SONS LTD |
| 651 | 4 |
_aUnited Kingdom _y |
|
| 690 | _aPROPERTY-PROPERTY DEVELOPMENT | ||
| 942 | _n0 | ||
| 999 |
_c80967 _d80967 |
||